• CATECHESI [DISCHI]

di Topical Term

Records bibliografici associati: 1

001 - CONTROL NUMBER

  • control field: 15302

003 - CONTROL NUMBER IDENTIFIER

  • control field: IT-RoPau

005 - DATE AND TIME OF LATEST TRANSACTION

  • control field: 20140304153141.0

008 - FIXED-LENGTH DATA ELEMENTS

  • fixed length control field: 140304|| aca||aabn | a|a d

040 ## - CATALOGING SOURCE

  • Original cataloging agency: IT-RoPau
  • Transcribing agency: IT-RoPau

150 ## - HEADING--TOPICAL TERM

  • Topical term or geographic name entry element: CATECHESI [DISCHI]
  • : Codice MATERIA SPICS: 9950

670 ## - SOURCE DATA FOUND

  • Source citation: Work cat.: (IT-RoPau)102046: Christian Marie 15299, Nostra vita di grazia (La)
CREDITS: SOCIETA' SAN PAOLO Via A.Severo, 58 - ROMA (RM) & PERIODICI SAN PAOLO SRL Via Giotto, 36 MILANO & CISF Via Giotto, 36 MILANO & EDIZIONI SAN PAOLO SRL,  Piazza Soncino, 5 CINISELLO BALSAMO (MI) -- ITALY